| 000 | 00382nam a2200157Ia 4500 | ||
|---|---|---|---|
| 008 | 230917s9999||||xx |||||||||||||| ||und|| | ||
| 040 |
_e108436 _aMAIN |
||
| 041 | _aEnglish | ||
| 082 | _a658.788 L431E | ||
| 100 | _aLawrence,Barry F | ||
| 245 | 0 | _aE-distribution | |
| 250 | _a1st ed. | ||
| 260 |
_aAustralia _bThomson South - westren _c2003 |
||
| 300 | _a248p. p. | ||
| 942 | _cBK | ||
| 999 |
_c120003 _d120003 |
||